000 00459nam a2200193Ia 4500
008 151121s9999||||xx |||||||||||||| ||und||
082 _a608ред8/Kru
082 _bHNW-53395
100 _aKruif Paul De
245 _aMen Against Death
260 _bThe Scientific Book Club
260 _c--
300 _a349
600 _aKruif Paul De
630 _aMen Against Death
700 _aKruif Paul De
730 _aMen Against Death
942 _cBOOK
999 _c1237036
_d1237033